00647cam a2200205 i 450000100060000000300080000600500170001400800410003103500190007204000230009104100080011408200270012210000350014924501170018426000320030130000330033350000200036665000250038670000300041151559BD-RjUL20211209075659.0160831s1979 enka b 001 0 eng  a(BD-RjUL)51679 aDLCcDLCdDLCbeng aeng00a388.31223 bKAR 1979 1 aKallanparampil, Babu Varghese 10aRoad Transport Management : bSystems and Procedures /cBabu Varghese Kallanparampil and Suraj Prakash Manchanda aLondon :bHeinemann,c1979  axx, 120 p. :bill. ;c22 cm. aIncludes index. aRoad Transportation  aManchanda, Suraj Prakash